01349nam a2200349Ii 4500001001000000003000800010008004100018006001900059007001500078035002200093040003100115020002600146020001800172050001500190100004800205245010500253264004800358300002300406336002600429337002600455338003600481347002100517347000900538490001500547504004100562588008500603650001800688650002300706776015500729830004300884856007200927DIGSM0215NyNyDIG221205s2015 sp ob 000 0 spa dm o d cr ||||||||||| a(OCoLC)1356297628 aDGITAbengerdaepncDGITA a9788428828338qeBook  z978842882814714aBR96 ebook1 aMartínez Lozano, Enrique,d1950-eauthor.10aCristianos más allá de la religión :bcristianismo y no-dualidad /cEnrique Martínez Lozano. 1aBoadilla del Monte (Madrid) :bPPC,c[2015] a1 online resource. atextbtxt2rdacontent acomputerbc2rdamedia aonline resourcebcr2rdacarrier atext file2rdaft bEPUB1 aActualidad aIncludes bibliographical references.0 aOnline resource; title from ePub title page (Digitalia, viewed December 5, 2022) 0aChristianity. 0aDualism (Religion)08iPrint version:aMartínez Lozano, Enrique, 1950-tCristianos más allá de la religión.dBoadilla del Monte (Madrid) : PPC, [2015]z9788428828147 0aColección Actualidad (Madrid, Spain)403Digitalia Hispánicauhttps://www.digitaliapublishing.com/a/85919/